Becoming a professional makeup artist

Bibliographic Details
Other Authors: Graham, Alice
Format: Book
Published: New York : Larsen & Keller Education , 2018
Subjects:

MARC

LEADER 00000cam a2200000 7i4500
001 0000083397
005 20190415.0
008 190328
020 |a 9781635498547 
041 0 |a English 
090 0 0 |a 646.72   |b BEC 
245 1 0 |a Becoming a professional makeup artist   |c edited by Alice Graham 
260 |a New York :   |b Larsen & Keller Education ,   |c 2018 
300 |a 270p. :   |b col.ill. ;   |c 26.5cm. 
541 0 0 |c Purchased on 2018   |f PI 1239 PUI   |h RM437.25 
650 0 |a Cosmetics 
650 0 |a Makeup artist 
650 0 |a Makeup artists   |x Vocational guidance 
700 1 |a Graham, Alice 
999 |a 0001561580   |b Book   |c REFERENCE   |e Cawangan Bandar Tenggara 
999 |a 0001561581   |b Book   |c REFERENCE   |e Cawangan Taman Sri Lambak 
999 |a 0001561582   |b Book   |c REFERENCE   |e Cawangan Bukit Gambir 
999 |a 0001561583   |b Book   |c REFERENCE   |e Cawangan Muar 
999 |a 0001561584   |b Book   |c REFERENCE   |e Cawangan Kota Tinggi 
999 |a 0001561585   |b Book   |c REFERENCE   |e Cawangan Segamat 
999 |a 0001561586   |b Book   |c REFERENCE   |e Cawangan Tmn. Ungku Tun Aminah 
999 |a 0001561587   |b Book   |c REFERENCE   |e Cawangan Tangkak 
999 |a 0001561589   |b Book   |c Adult Collection   |e Cawangan Mersing 
999 |a 0001561590   |b Book   |c REFERENCE   |e Cawangan Bandar Penawar 
999 |a 0001561591   |b Book   |c Adult Collection   |e Cawangan Pontian 
999 |a 0001561661   |b Book   |c REFERENCE   |e Perbadanan Perpustakaan Awam Johor 
999 |a 0001561662   |b Book   |c REFERENCE   |e Cawangan Urban Transformation Centre 
999 |a 0001561663   |b Book   |c REFERENCE   |e Cawangan AEON Kulaijaya